MyGZULibrary

How to do your research project : (Record no. 1243)

MARC details
000 -LEADER
fixed length control field 02335cam a2200493 i 4500
001 - CONTROL NUMBER
control field 17584377
003 - CONTROL NUMBER IDENTIFIER
control field GZU
005 - DATE AND TIME OF LATEST TRANSACTION
control field 20201001094006.0
008 - FIXED-LENGTH DATA ELEMENTS--GENERAL INFORMATION
fixed length control field 130109s2013 caua b 001 0 eng d
010 ## - LIBRARY OF CONGRESS CONTROL NUMBER
LC control number 2013930449
015 ## - NATIONAL BIBLIOGRAPHY NUMBER
National bibliography number GBB306116
Source bnb
016 7# - NATIONAL BIBLIOGRAPHIC AGENCY CONTROL NUMBER
Record control number 016257061
Source Uk
020 ## - INTERNATIONAL STANDARD BOOK NUMBER
International Standard Book Number 9781446258873 (pbk.)
020 ## - INTERNATIONAL STANDARD BOOK NUMBER
International Standard Book Number 1446258874 (pbk.)
020 ## - INTERNATIONAL STANDARD BOOK NUMBER
International Standard Book Number 9781446258866 (hbk.)
020 ## - INTERNATIONAL STANDARD BOOK NUMBER
International Standard Book Number 1446258866 (hbk.)
035 ## - SYSTEM CONTROL NUMBER
System control number (OCoLC)ocn855729870
040 ## - CATALOGING SOURCE
Original cataloging agency ERL
Language of cataloging eng
Transcribing agency ERL
Description conventions rda
Modifying agency OCLCO
-- MEU
-- OCLCQ
-- CFI
-- UKMGB
-- CAUOI
-- IEDUB
-- OCLCO
-- OCLCF
-- VRC
-- DLC
042 ## - AUTHENTICATION CODE
Authentication code lccopycat
050 00 - LIBRARY OF CONGRESS CALL NUMBER
Classification number LB1028
Item number .THO 2013
072 #7 - SUBJECT CATEGORY CODE
Subject category code SOC
Source eflch
072 #7 - SUBJECT CATEGORY CODE
Subject category code SOC
Source ukslc
100 1# - MAIN ENTRY--PERSONAL NAME
Personal name Thomas, Gary,
Dates associated with a name 1950-
Relator term author.
245 10 - TITLE STATEMENT
Title How to do your research project :
Remainder of title a guide for students in education and applied social sciences /
Statement of responsibility, etc. Gary Thomas.
250 ## - EDITION STATEMENT
Edition statement Second edition.
264 #1 - PRODUCTION, PUBLICATION, DISTRIBUTION, MANUFACTURE, AND COPYRIGHT NOTICE
Place of production, publication, distribution, manufacture Los Angeles :
Name of producer, publisher, distributor, manufacturer SAGE,
Date of production, publication, distribution, manufacture, or copyright notice 2013.
300 ## - PHYSICAL DESCRIPTION
Extent xix, 307 pages :
Other physical details illustrations ;
Dimensions 25 cm
336 ## - CONTENT TYPE
Content type term text
Content type code txt
Source rdacontent
337 ## - MEDIA TYPE
Media type term unmediated
Media type code n
Source rdamedia
338 ## - CARRIER TYPE
Carrier type term volume
Carrier type code nc
Source rdacarrier
504 ## - BIBLIOGRAPHY, ETC. NOTE
Bibliography, etc. note Includes bibliographical references and index.
505 0# - FORMATTED CONTENTS NOTE
Formatted contents note Your introduction : starting points -- Preparing : project management, ethics and getting clearance -- The literature review -- Decide on your question -- again -- Methodology, part 1 : deciding on an approach -- Methodology, part 2 : the design frame -- The right tools for the job : data gathering -- How to analyse the information you gather -- Concluding and writing up.
520 8# - SUMMARY, ETC.
Summary, etc. Direct, informative and accessible, this edition of Gary Thomas's book is essential reading for anyone doing a research project. Packed full of relevant advice and real world examples it guides you through the complete research process.
650 #0 - SUBJECT ADDED ENTRY--TOPICAL TERM
Topical term or geographic name entry element Education
General subdivision Research
-- Methodology.
650 #0 - SUBJECT ADDED ENTRY--TOPICAL TERM
Topical term or geographic name entry element Social sciences
General subdivision Research.
650 #0 - SUBJECT ADDED ENTRY--TOPICAL TERM
Topical term or geographic name entry element Social sciences
General subdivision Research
-- Methodology.
650 #7 - SUBJECT ADDED ENTRY--TOPICAL TERM
Topical term or geographic name entry element Society.
Source of heading or term eflch
650 #7 - SUBJECT ADDED ENTRY--TOPICAL TERM
Topical term or geographic name entry element Education
General subdivision Research
-- Methodology.
Source of heading or term fast
Authority record control number or standard number (OCoLC)fst00902758
650 #7 - SUBJECT ADDED ENTRY--TOPICAL TERM
Topical term or geographic name entry element Social sciences
General subdivision Research.
Source of heading or term fast
Authority record control number or standard number (OCoLC)fst01122944
650 #7 - SUBJECT ADDED ENTRY--TOPICAL TERM
Topical term or geographic name entry element Social sciences
General subdivision Research
-- Methodology.
Source of heading or term fast
Authority record control number or standard number (OCoLC)fst01122961
650 #7 - SUBJECT ADDED ENTRY--TOPICAL TERM
Topical term or geographic name entry element Society.
Source of heading or term ukslc
906 ## - LOCAL DATA ELEMENT F, LDF (RLIN)
a 7
b cbc
c copycat
d 2
e ncip
f 20
g y-gencatlg
942 ## - ADDED ENTRY ELEMENTS (KOHA)
Source of classification or shelving scheme Library of Congress Classification
Koha item type Books
Edition 2nd ed.
Classification part 1028
Item part THO
Call number prefix LB
Holdings
Withdrawn status Lost status Source of classification or shelving scheme Damaged status Not for loan Collection code Home library Current library Shelving location Date acquired Source of acquisition Total Checkouts Full call number Barcode Date last seen Copy number Price effective from Koha item type Inventory number
    Library of Congress Classification     Non-fiction City Campus Library City Campus Library General Stacks 06/02/2015 Book Aid International   LB1028 THO 2013 000269 10/01/2020 c. 1 10/01/2020 Books  
          Non-fiction Mashava Campus Library Mashava Campus Library General Stacks 05/13/2021     LB1028 THO 2013 000270 05/13/2021 c.2 05/13/2021 Books 21836